Biblioteca historica de la filologia castellana /

Guardado en:
Autor Principal: Viñaza, Cipriano Conde De La
Formato: Libro
Publicado: Madrid : Real Academia EspaÑola, 1893
Materias:
Etiquetas: Agregar Etiqueta
Sin Etiquetas, Sea el primero en etiquetar este registro!
LEADER 00502nam a22001575a 4500
001 EHU.bham005321
003 AR-BHAM
005 20081015155206.0
008 130507s1893##################000#0#####d
082 4 6 |a 460 
100 1 |a Viñaza, Cipriano Conde De La 
245 1 0 |a Biblioteca historica de la filologia castellana /  |c Cipriano Conde De La Viñaza. 
260 |a Madrid :  |b Real Academia EspaÑola,  |c 1893 
300 |a 1112 p. 
653 |a Castellano 
859 |a AR-BHAM  |b BIB. HUMANIDADES - General  |h 460  |i V799  |p 82.58  |t Ej.1